LEADER 00915nam a2200217 i 4500 001 000000029679 003 CaOOAMICUS 005 20180830125448.0 008 180830s1831 it u000 u ita u 040 $aSeMil$bita 100 1 $aBartoli, Daniello,$c.$0(OLS)http://semarc/name/89705 245 10$aDell'istoria della Compagnia di Gesł :$bl'Asia /$cdescritta pal p. Daniello Bartoli. 260 $aMilano :$bCoi tipi di Alessandro Dozio,$c1831. 300 $a3 v. ;$c23 cm. 650 4$aGesuiti - Storia.$0(OLS)http://semarc/subject/4681 650 4$aGesuiti - Missioni - Asia.$0(OLS)http://semarc/subject/4740 774 0 $tVol. 1.$g1$w()228723 774 0 $tVol. 2.$g2$w()228725 774 0 $tVol. 3.$g3$w()228726 996 $6245$aDell'istoria della Compagnia di Gesł :$bl'Asia$9(OLS)http://semarc/title/40334 996 $6260$aMilano :$bCoi tipi di Alessandro Dozio$9(OLS)http://semarc/publisher/37341 LEADER 01096nam a2200265 i 4500 001 000000116276 003 CaOOAMICUS 005 20190408155239.0 008 030613s2008 it a u000 u ita u 013 $a88965 040 $aSeMil$bita 100 1 $aTourn, Giorgio,$d<1930- >.$0(OLS)http://semarc/name/6291 245 12$aI valdesi :$bla singolare vicenda di un popolo-chiesa : 1170-1976 /$cGiorgio Tourn. 250 $a4. ed. aggiornata e ampliata 264 1$aTorino :$bClaudiana,$c2008. 300 $a312 p., [12] carte di tav. :$bill. ;$c21 cm 650 4$aChiesa e Stato - Italia.$0(OLS)http://semarc/subject/2980 650 4$aValdesi - Storia.$0(OLS)http://semarc/subject/3293 850 $aSeMil 852 $aSeMil$W1$xVenegono$y1$m3B II 224$j263228$B71752$CSeMilBibl$Z2$F80784 $81 941 1 $a4 961 $aOmaggio: Martini Card. Carlo Maria 996 $6245$aI valdesi :$bla singolare vicenda di un popolo-chiesa : 1170-1976$9(OLS)http://semarc/title/170514 996 $6264$aTorino :$bClaudiana$9(OLS)http://semarc/publisher/29837